000 00570nam a2200205Ia 4500
003 OSt
005 20230415085320.0
008 210423s2004 xx 000 0 und d
020 _a521520606
040 _cAL
041 _aeng
082 _a425
_223
_bCHOM
100 _aCHOLIJ (Mark);NAGARAJ (Geetha).
_988571
245 _aEnglish basics: companion to grammar and writing.
260 _aU K
_bCambridge University Press
_c2004
300 _avii,208
_bPB
365 _b280
_cINR
906 _abasics: ; companion ; English ; grammar ; writing.
942 _2ddc
_cBK
999 _c157484
_d157484